Logo BPK

Biblioteka

Politechniki Koszalińskiej

Litauische Claviere : (Rekord nr 50593)

Szczegóły MARC
000 -ETYKIETA REKORDU
podpole kontrolne o stałej długości 00470nam a2200181 i 4500
001 - NUMER KONTROLNY REKORDU
pole kontrolne bgj
040 ## - ŹRÓDŁO KATALOGOWANIA
Instytucja, która utworzyła rekord BPK
041 0# - KOD JĘZYKA
Kod języka tekstu ger
008 - POLE O STAŁEJ DŁUGOŚCI - DANE KONTROLNE
podpole kontrolne o stałej długości s gw f |000 0 ger
100 1# - NAZWA OSOBOWA
Nazwa osobowa BOBROWSKI, Johannes
Daty związane z nazwą (1917-1965)
245 10 - TYTUŁ/ODPOWIEDZIALNOŚĆ
Tytuł Litauische Claviere :
Ciąg dalszy tytułu Roman /
Pozostałe elementy strefy tytułu i oznaczenia odpowiedzialności Johannes Bobrowski.
250 ## - STREFA WYDANIA
Oznaczenie wydania 2. Auflage.
260 ## - STREFA ADRESU WYDAWNICZEGO
Miejsce wydania Berlin :
Nazwa wydawcy/dystrybutora Union Verlag,
Data publikacji, dystrybucji/powstania dokumentu 1967.
300 ## - STREFA OPISU FIZYCZNEGO
Objętość 170, [1] S. ;
Rozmiary 20 cm.
650 #9 - HASŁO PRZEDMIOTOWE W FORMIE NAZWY OGÓLNEJ LUB JEDNOSTKOWEJ
Nazwa ogólna lub geograficzna Deutsche Literatur
655 ## - TERMIN INDEKSOWY - OKREŚLENIE RODZAJU/FORMY DOKUMENTU
Określenie rodzaju/formy dokumentu Roman
856 ## - LOKALIZACJA I DOSTĘP DO ELEKTRONICZNYCH DOKUMENTÓW ZDALNYCH
Link (URL) http://koha.tu.koszalin.pl/cgi-bin/koha/opac-detail.pl?biblionumber=50593
Tekst linku Katalog online BPK
942 ## - DODATKOWE ELEMENTY (KOHA)
Typ dokumentu Książka
Egzemplarze
Wycofany Status egzemplarza Uszkodzony Dostępność Lokalizacja stała Lokalizacja bieżąca Miejsce przechowywania Sygnatura Kod kreskowy Typ dokumentu
      Dostępny Biblioteka Politechniki Koszalińskiej Biblioteka Politechniki Koszalińskiej Wypożyczalnia Językowa N 589 09046610 Książka
© 2023 Biblioteka Politechniki Koszalińskiej :: KOHA